| 000 | 00385nam a2200157Ia 4500 | ||
|---|---|---|---|
| 008 | 231217s9999 xx 000 0 und d | ||
| 041 | _aEnglish | ||
| 082 | _a001.424 TAH;4 | ||
| 100 | _aTaha, Hamdy A. | ||
| 245 | 0 | _aOperations research : An introduction | |
| 250 | _a4th ed. | ||
| 260 |
_c1987 _bMcGraw-Hill, |
||
| 300 | _a954 | ||
| 650 | _aOperations research | ||
| 942 | _cAA | ||
| 999 |
_c162964 _d162964 |
||